Detalles MARC
| 000 -LÍDER |
| Campo fijo de descripción fija |
03333cam a2200301 i 4500 |
| 001 - NÚMERO DE CONTROL |
| Campo de control |
18914 |
| 003 - IDENTIFICADOR DEL NÚMERO DE CONTROL |
| Campo de control |
CO-MdFUSB |
| 005 - FECHA Y HORA DE LA ULTIMA TRANSACCIÓN |
| control field |
20220813102413.0 |
| 008 - ELEMENTOS DE LONGITUD FIJA -- INFORMACIÓN GENERAL |
| Campo fijo de descripción fija -- Información general |
220813t1992 sp |||| |||| 00| 0 spa d |
| 020 ## - NÚMERO INTERNACIONAL NORMALIZADO PARA LIBROS |
| Número Internacional Normalizado del libro |
978-84-249-1602-6 |
| 040 ## - FUENTE DE CATALOGACIÓN |
| Idioma de catalogación |
spa. |
| Agencia de catalogación original |
CO-MdFUSB |
| Agencia que realiza la transcripción |
CO-MdFUSB |
| Agencia que realiza la modificación |
CO-MdFUSBC |
| Convenciones de la descripción |
rda |
| 041 ## - CÓDIGO DE IDIOMA |
| Código de idioma para texto/pista de sonido o título separado |
spa |
| 082 04 - NÚMERO DE CLASIFICACIÓN DECIMAL DEWEY |
| Número de clasificación |
R L937o |
| 100 1# - ASIENTO PRINCIPAL--NOMBRE PERSONAL |
| Nombre personal |
Luciano |
| 245 10 - TÍTULO |
| Título del Material |
Obras / Luciano ; introducción, traducción y notas por José Alsina Clota, Andrés Espinoza Alarcón, José Luis Navarro González & Juan Zaragoza Botella |
| Mención de responsabilidad, etc. |
/ |
| 260 ## - PUBLICACIÓN, DISTRIBUCIÓN, ETC. (PIE DE IMPRENTA) |
| Lugar de publicación, distribución, etc. |
Gredos |
| 264 #1 - PRODUCCIÓN, PUBLICACIÓN, DISTRIBUCIÓN, MANUFACTURA, Y COPYRIGHT |
| Lugar de producción, publicación, distribución, manufactura |
Madrid : |
| Nombre del productor, publicador, distribuidor |
Gredos, |
| Fecha de producción, publicación, distribución, manufactura, o copyright |
[2012] |
| 264 #4 - PRODUCCIÓN, PUBLICACIÓN, DISTRIBUCIÓN, MANUFACTURA, Y COPYRIGHT |
| Fecha de producción, publicación, distribución, manufactura, o copyright |
© 2012 |
| 300 ## - DESCRIPCIÓN FÍSICA |
| Extensión |
Vol. 1: 502 páginas ; Vol. 2: 470 páginas ; Vol.3: 526 páginas ; Vol.4: 494 páginas |
| Dimensiones |
; |
| 336 ## - TIPO DE CONTENIDO |
| Fuente |
rdacontent |
| Término de tipo de contenido |
texto |
| Código de tipo de contenido |
txt |
| 337 ## - TIPO DE MEDIO |
| Fuente |
rdamedia |
| Nombre del tipo de medio |
sin mediación |
| Código del tipo de medio |
n |
| 338 ## - TIPO DE SOPORTE |
| Fuente |
rdacarrier |
| Nombre del tipo de soporte |
volumen |
| Código Tipo de soporte |
nc |
| 501 ## - NOTA DE “CON” |
| Nota de Contenido |
pasta dura |
| 505 ## - NOTA DE CONTENIDO |
| Nota de contenido con formato preestablecido |
Tomo I : Panorama general del siglo II d.C. -- Apuntes sobre la vida -- La obra de Luciano -- El escritor -- El mundo de las ideas en Luciano -- Luciano y la posteridad -- La transmisión: manuscritos y ediciones -- La traducción -- Fálaris I-II -- Hipias o El Baño -- Preludio. Dionisio -- Preludio. Heracles -- Acerca del Ámbar o Los cisnes -- Elogio de la mosca -- Filosofía de Nigrino -- Vida de Demonacte -- Acerca de la casa -- Elogio de la patria -- Los longevos -- Relatos verídicos -- No debe creerse con presteza en la calumnia -- Pleito entre consonantes -- El banquete o Los lapitas -- El pseudosofista o El solecista -- La travesía o El tirano -- Zeus confundido -- Zeus trágico -- El sueño o El gallo -- Prometeo -- Icaromenipo o Por encima de las nubes -- Timón o El misántropo. Tomo II : Caronte o Los contempladores -- Subasta de vidas -- El pescador o Los resucitados -- Doble acusación o Los tribunales -- Acerca de los sacrificios -- Contra un ignorante que compraba muchos libros -- El sueño o Vida de Luciano -- Sobre el parásito o Que el parasitismo es un arte -- El aficionado a la mentira o El incrédulo -- Juicio de diosas -- Sobre los que están a sueldo -- Anacarsis o Sobre la gimnasia -- Menipo o Necromancia -- Lucio o El asno -- Sobre el luto -- El maestro de retórica -- Alejandro o El falso profeta -- Los retratos. Tomo III : Sobre la diosa Siria -- Sobre la danza -- Lexífanes -- El eunuco -- Sobre la astrología -- Amores -- En pro de los retratos -- El falso razonador o Sobre el término "apophrás" -- La asamblea de los dioses -- El tiranicida -- El desheredado -- Sobre la muerte de Peregrino -- Los fugitivos -- Tóxaris o Sobre la amistad -- Economio de Demóstenes -- Cómo debe escribirse la historia -- De las dipsadas -- Las Saturnales -- Heródoto o Etión -- Zeuxis o Antíoco -- Sobre una falta cometida al saludar -- Apología de los que están a sueldo -- Harmónides -- Diálogo con Hesíodo -- El escita o el cónsul. Tomo IV : Podagra -- Hermótimo o Sobre las sectas -- Alque dijo: "Eres un Prometeo en tus discursos" -- El Alción o Sobre las metamorfosis -- El barco o Los deseos -- Ocipo -- El cínico -- Diálogos -- El patriota o El adoctrinado -- Caridemo o Sobre la belleza -- Nerón -- Epigramas -- Timarón o Sobre los propios sentimientos |
| 650 14 - ASIENTO SECUNDARIO DE MATERIA - TERMINO TEMÁTICO |
| Término temático o nombre geográfico como elemento de entrada |
FILOSOFOS GRIEGOS, (FRANCESES, INGLESES, ETC.) \ ORATORIA GRIEGA |
| 942 ## - TIPO DE MATERIAL (KOHA) |
| Tipo de Item KOHA |
Libros General |
| 945 ## - INFORMACIÓN LOCAL DEL REGISTRO |
| Catalogador |
estudiante |